| 000 | 01191nam a2200313 a 4500 | ||
|---|---|---|---|
| 005 | 20240412132322.0 | ||
| 008 | 100702t1972||||ag f |||| 001 0 spa d | ||
| 020 | _aS/N | ||
| 041 | _aspa | ||
| 092 |
_c170 _l75 _sROS |
||
| 100 | 1 |
_aRoss, David _93168 |
|
| 245 |
_aFundamentos de ética / _cDavid Ross. |
||
| 250 |
_a1a ed. _bTraducción de Dionisia Rivero y Andrés Pirk. |
||
| 260 |
_aBuenos Aires: _bEditorial Universitaria de Buenos Aires (EUDEBA); _c1972. |
||
| 300 | _a283 p. | ||
| 500 | _aRoss, D. (1972). Fundamentos de ética. (1a ed.). Buenos Aires : EUDEBA. | ||
| 590 | _aDonación Dora Vera, febrero 2017 | ||
| 653 | _aDefiniciones naturalistas de "correcto" | ||
| 653 | 3 | _aLa naturaleza de la corrección y la obligación | |
| 653 | _aTeorías acerca del fundamento de la correción | ||
| 653 | 3 | _aLa obligación de cumplir las promesas | |
| 653 | _aNaturaleza general de lo correcto. Consideración positiva de la cuestión. | ||
| 653 | 3 | _aEl conocimiento de lo correcto | |
| 653 | 3 | _aLa psicología de la acción moral | |
| 653 | _aIndeterminación e indeterminismo | ||
| 653 | _aNaturaleza de la bondad | ||
| 653 | 3 | _aLa bondad moral | |
| 942 |
_2ddc _cBK |
||
| 999 |
_c2315 _d2315 |
||